Korea : Background Papers.

This Background Paper provides a broad overview of the structure and characteristics of public finances in Korea, and discusses fiscal policy against the background of the medium-term objectives. The analysis shows that despite constraints imposed by the institutional framework, the government has m...

Descrición completa

Detalles Bibliográficos
Autor Corporativo: International Monetary Fund
Formato: Revista
Idioma:English
Publicado: Washington, D.C. : International Monetary Fund, 1996.
Series:IMF Staff Country Reports; Country Report ; No. 1995/136
Acceso en liña:Full text available on IMF
LEADER 01560cas a2200241 a 4500
001 AALejournalIMF009934
008 230101c9999 xx r poo 0 0eng d
020 |c 5.00 USD 
020 |z 9781451822014 
022 |a 1934-7685 
040 |a BD-DhAAL  |c BD-DhAAL 
110 2 |a International Monetary Fund. 
245 1 0 |a Korea :   |b Background Papers. 
264 1 |a Washington, D.C. :  |b International Monetary Fund,  |c 1996. 
300 |a 1 online resource (131 pages) 
490 1 |a IMF Staff Country Reports 
500 |a <strong>Off-Campus Access:</strong> No User ID or Password Required 
500 |a <strong>On-Campus Access:</strong> No User ID or Password Required 
506 |a Electronic access restricted to authorized BRAC University faculty, staff and students 
520 3 |a This Background Paper provides a broad overview of the structure and characteristics of public finances in Korea, and discusses fiscal policy against the background of the medium-term objectives. The analysis shows that despite constraints imposed by the institutional framework, the government has managed to maintain tight budgetary control. The paper analyzes trends in the size and composition of central government expenditure, revenue, financing, and debt. It also evaluates the stance of fiscal policy on the basis of summary indicators. 
538 |a Mode of access: Internet 
830 0 |a IMF Staff Country Reports; Country Report ;  |v No. 1995/136 
856 4 0 |z Full text available on IMF  |u http://elibrary.imf.org/view/journals/002/1995/136/002.1995.issue-136-en.xml  |z IMF e-Library